<?xml version="1.0" encoding="UTF-8"?>
<record
    xmlns:xsi="http://www.w3.org/2001/XMLSchema-instance"
    xsi:schemaLocation="http://www.loc.gov/MARC21/slim http://www.loc.gov/standards/marcxml/schema/MARC21slim.xsd"
    xmlns="http://www.loc.gov/MARC21/slim">

  <leader>01302cam a22003131  4500</leader>
  <controlfield tag="001">he 68001903 </controlfield>
  <controlfield tag="003">DLC</controlfield>
  <controlfield tag="005">20260227111500.0</controlfield>
  <controlfield tag="008">710901s1963    is       b    000 0 eng  </controlfield>
  <datafield tag="010" ind1=" " ind2=" ">
    <subfield code="a">he 68001903 </subfield>
  </datafield>
  <datafield tag="025" ind1=" " ind2=" ">
    <subfield code="a">PL480:Is-5167</subfield>
  </datafield>
  <datafield tag="040" ind1=" " ind2=" ">
    <subfield code="a">DLC</subfield>
    <subfield code="c">DLC</subfield>
    <subfield code="d">DLC</subfield>
  </datafield>
  <datafield tag="041" ind1="0" ind2=" ">
    <subfield code="a">eng</subfield>
    <subfield code="a">heb</subfield>
  </datafield>
  <datafield tag="050" ind1="0" ind2="0">
    <subfield code="a">PJ5050.I18</subfield>
    <subfield code="b">Z65 1963</subfield>
  </datafield>
  <datafield tag="100" ind1="1" ind2=" ">
    <subfield code="a">Friedl&#xE4;nder, M.</subfield>
    <subfield code="q">(Michael),</subfield>
    <subfield code="d">1833-1910.</subfield>
  </datafield>
  <datafield tag="245" ind1="0" ind2="0">
    <subfield code="a">Essays on the writings of Abraham ibn Ezra,</subfield>
    <subfield code="c">by M. Friedlaender.</subfield>
  </datafield>
  <datafield tag="260" ind1=" " ind2=" ">
    <subfield code="a">Yerushalayim,</subfield>
    <subfield code="b">[Mits&#x1E25;uf],</subfield>
    <subfield code="c">724 [1963 or 4]</subfield>
  </datafield>
  <datafield tag="300" ind1=" " ind2=" ">
    <subfield code="a">viii-x, iv-v, 252, 78 p.</subfield>
    <subfield code="c">28 cm.</subfield>
  </datafield>
  <datafield tag="500" ind1=" " ind2=" ">
    <subfield code="a">At head of title: Ibn Ezra literature.</subfield>
  </datafield>
  <datafield tag="500" ind1=" " ind2=" ">
    <subfield code="a">Original ed. published as Publications of the Society of Hebrew Literature, second series.</subfield>
  </datafield>
  <datafield tag="500" ind1=" " ind2=" ">
    <subfield code="a">Hebrew appendix "He&#x2BB;te&#x1E33; perush ha-Raba&#x2BB; &#x2BB;al ha-Torah" (78 p. at end) has special t.p.</subfield>
  </datafield>
  <datafield tag="500" ind1=" " ind2=" ">
    <subfield code="a">Title page includes original imprint: London, Published for the Society of Hebrew Literature by Tr&#xFC;bner and Co. [1877]</subfield>
  </datafield>
  <datafield tag="504" ind1=" " ind2=" ">
    <subfield code="a">Bibliographical footnotes.</subfield>
  </datafield>
  <datafield tag="600" ind1="1" ind2="0">
    <subfield code="a">Ibn Ezra, Abraham ben Me&#xEF;r,</subfield>
    <subfield code="d">1089-1164.</subfield>
  </datafield>
  <datafield tag="630" ind1="0" ind2="0">
    <subfield code="a">Bible.</subfield>
    <subfield code="p">Pentateuch</subfield>
    <subfield code="v">Commentaries.</subfield>
  </datafield>
  <datafield tag="700" ind1="1" ind2=" ">
    <subfield code="a">Ibn Ezra, Abraham ben Me&#xEF;r,</subfield>
    <subfield code="d">1089-1164.</subfield>
    <subfield code="t">Perush ha-Torah.</subfield>
  </datafield>
  <datafield tag="740" ind1="0" ind2=" ">
    <subfield code="a">Ibn Ezra literature.</subfield>
  </datafield>
  <datafield tag="740" ind1="0" ind2=" ">
    <subfield code="a">He&#x2BB;te&#x1E33; perush ha-Raba&#x2BB; &#x2BB;al ha-Torah.</subfield>
  </datafield>
  <datafield tag="999" ind1=" " ind2=" ">
    <subfield code="c">33435</subfield>
    <subfield code="d">33435</subfield>
  </datafield>
</record>
